<?xml version="1.0" encoding="UTF-8"?>
<record
    xmlns:xsi="http://www.w3.org/2001/XMLSchema-instance"
    xsi:schemaLocation="http://www.loc.gov/MARC21/slim http://www.loc.gov/standards/marcxml/schema/MARC21slim.xsd"
    xmlns="http://www.loc.gov/MARC21/slim">

  <leader>01375nam a22002657a 4500</leader>
  <controlfield tag="001">HUB045888</controlfield>
  <controlfield tag="003">OCoLC</controlfield>
  <controlfield tag="005">20150616092344.0</controlfield>
  <controlfield tag="008">150608b        xxu||||| |||| 00| 0 eng d</controlfield>
  <datafield tag="020" ind1=" " ind2=" ">
    <subfield code="a">9780671724009</subfield>
  </datafield>
  <datafield tag="035" ind1=" " ind2=" ">
    <subfield code="a">.b65330857</subfield>
  </datafield>
  <datafield tag="040" ind1=" " ind2=" ">
    <subfield code="a">VCQ</subfield>
    <subfield code="c">VCQ</subfield>
    <subfield code="d">OCL</subfield>
    <subfield code="d">SNM</subfield>
    <subfield code="d">OCLCQ</subfield>
    <subfield code="d">BAKER</subfield>
    <subfield code="d">MNY</subfield>
    <subfield code="d">BTCTA</subfield>
    <subfield code="d">YDXCP</subfield>
    <subfield code="d">OSU</subfield>
    <subfield code="d">UtOrBLW</subfield>
  </datafield>
  <datafield tag="049" ind1=" " ind2=" ">
    <subfield code="a">OSUU</subfield>
  </datafield>
  <datafield tag="050" ind1=" " ind2=" ">
    <subfield code="a">PN4121.</subfield>
    <subfield code="b">C215q 1977</subfield>
  </datafield>
  <datafield tag="100" ind1="1" ind2=" ">
    <subfield code="a">Carnegie, Dale,</subfield>
    <subfield code="d">1888-1955.</subfield>
  </datafield>
  <datafield tag="245" ind1="1" ind2="4">
    <subfield code="a">The quick &amp; easy way to effective speaking :</subfield>
    <subfield code="b">modern techniques for dynamic communication /</subfield>
    <subfield code="c">Dale Carnegie.</subfield>
  </datafield>
  <datafield tag="260" ind1=" " ind2=" ">
    <subfield code="a">New York :</subfield>
    <subfield code="b">Pocket Books,</subfield>
    <subfield code="c">1977.</subfield>
  </datafield>
  <datafield tag="300" ind1=" " ind2=" ">
    <subfield code="a">221 p. ;</subfield>
    <subfield code="c">18 cm.</subfield>
  </datafield>
  <datafield tag="500" ind1=" " ind2=" ">
    <subfield code="a">A revision by Dorothy Carnegie of Public speaking and influencing men in business.</subfield>
  </datafield>
  <datafield tag="505" ind1="0" ind2=" ">
    <subfield code="a">Acquiring the basic skills -- Developing confidence -- Speaking effectively the quick and easy way -- Earning the right to talk -- Vitalizing the talk -- Sharing the talk with the audience -- Making the short talk to get action -- Making the talk to inform -- Making the talk to convince -- Making impromptu talks -- Delivering the talk -- Introducing speakers, presenting and accepting awards -- Organizing the longer talk -- Applying what you have learned.</subfield>
  </datafield>
  <datafield tag="650" ind1=" " ind2="0">
    <subfield code="a">Public speaking.</subfield>
  </datafield>
  <datafield tag="700" ind1="1" ind2=" ">
    <subfield code="a">Carnegie, Dorothy,</subfield>
    <subfield code="d">1912-</subfield>
  </datafield>
  <datafield tag="740" ind1=" " ind2=" ">
    <subfield code="a">Quick and easy way to effective speaking.</subfield>
  </datafield>
  <datafield tag="942" ind1=" " ind2=" ">
    <subfield code="2">lcc</subfield>
    <subfield code="c">BK</subfield>
    <subfield code="m">PN4121.C215q 1977</subfield>
  </datafield>
  <datafield tag="999" ind1=" " ind2=" ">
    <subfield code="c">284787</subfield>
    <subfield code="d">284787</subfield>
  </datafield>
  <datafield tag="952" ind1=" " ind2=" ">
    <subfield code="0">0</subfield>
    <subfield code="1">0</subfield>
    <subfield code="2">lcc</subfield>
    <subfield code="4">0</subfield>
    <subfield code="a">LUX</subfield>
    <subfield code="b">LUX</subfield>
    <subfield code="c">TR</subfield>
    <subfield code="d">2015-06-08</subfield>
    <subfield code="e">Library Fund</subfield>
    <subfield code="l">5</subfield>
    <subfield code="m">1</subfield>
    <subfield code="o">PN 4121.C215q 1977</subfield>
    <subfield code="p">19967</subfield>
    <subfield code="r">2018-08-28 00:00:00</subfield>
    <subfield code="s">2018-08-28</subfield>
    <subfield code="w">2015-06-08</subfield>
    <subfield code="y">BK</subfield>
  </datafield>
</record>
